Marvel Villains by Police Lineup Quiz Stats

 Plays Quiz not verified by Sporcle

Score 0/100 Timer 20:00
0 Plays Today
% Correct
Dr. Octopus
93.1%
Juggernaut
92.5%
Red Skull
90.7%
Rhino
90.3%
Dr. Doom
89.7%
Green Goblin
89%
Venom
88.9%
Magneto
88.9%
Loki
88.7%
Deadpool
88.5%
Thanos
87.8%
Kingpin
87.7%
Vulture
87.6%
Bullseye
87.5%
Electro
87.1%
Lizard
87.1%
Ultron
87%
Blob
86.6%
White Queen
86.1%
Carnage
85.9%
Sandman
85.6%
Mysterio
85.3%
Sabretooth
85.2%
Hobgoblin
84.7%
Galactus
84.2%
M.O.D.O.K.
84%
Silver Samurai
82.7%
Crossbones
82.2%
Shocker
80.8%
Mr. Sinister
78.7%
Lady Deathstrike
78.1%
Baron Zemo
77.9%
Ronan the Accuser
77.7%
Enchantress
77.1%
% Correct
Mandarin
76.7%
Taskmaster
76.7%
Pyro
76.6%
Jack O' Lantern
76.4%
Fin Fang Foom
75.4%
Omega Red
73.9%
Mephisto
73.6%
Leader
73.3%
Kang
71.9%
Dormammu
71.1%
Abomination
70.8%
Mole Man
70%
Viper
69.4%
Absorbing Man
69.4%
Sauron
68.2%
Wendigo
67.1%
Boomerang
65.7%
Avalanche
65.5%
Klaw
65.2%
Scarecrow
62.8%
Tiger Shark
62.5%
Puppet Master
62.3%
Annihilus
62%
Blackheart
61.3%
Crimson Dynamo
61.2%
Wizard
61.1%
Grey Gargoyle
61%
Swordsman
61%
Arcade
60.9%
Batroc the Leaper
60.4%
Iron Monger
60%
Tombstone
58.8%
Radioactive Man
58.7%
Stryfe
58.1%
% Correct
Executioner
57.8%
Dracula
57.1%
Whirlwind
56.6%
Terrax the Tamer
55.7%
Tarantula
55.6%
Constrictor
55.2%
Owl
55.1%
Grim Reaper
54.8%
Hela
54.3%
Stilt-Man
54%
Dragonman
52.8%
Jester
50.7%
High Evolutionary
49.2%
Zzzax
47.1%
Diablo
46.6%
Vertigo
45.9%
Molten Man
45.9%
Deathbird
45.6%
Ringmaster
44.1%
Red Ghost
40%
Kurse
40%
Graviton
39.1%
Typhoid Mary
37.9%
Porcupine
37%
Molecule Man
35%
Trapster
32.6%
Mesmero
32.1%
Blacklash
28.6%
Cardiac
26.8%
Caliban
26.2%
Cyber
24.9%
Trick Shot
17.9%

You're not logged in!

Compare scores with friends on all Sporcle quizzes.
OR
Log In

Show Comments

Extras

Top Quizzes Today


Score Distribution

Your Account Isn't Verified!

In order to create a playlist on Sporcle, you need to verify the email address you used during registration. Go to your Sporcle Settings to finish the process.

Report this User

Report this user for behavior that violates our Community Guidelines.

Details: